[Event "Jakarta"]
[Site "Jakarta"]
[Date "1994.??.??"]
[Round "11"]
[White "Lioe, Dede"]
[Black "Serper, Grigory"]
[Result "0-1"]
[WhiteElo "2320"]
[BlackElo "2560"]
[Annotator "Boensch,U"]
[PlyCount "58"]
[EventDate "1994.04.??"]
[EventType "tourn"]
[EventRounds "13"]
[EventCountry "INA"]
[EventCategory "10"]
[SourceTitle "CBM 041"]
[Source "ChessBase"]
[SourceDate "1994.08.01"]
[SourceVersion "1"]
[SourceVersionDate "1994.08.01"]
[SourceQuality "1"]

1. e4 {Ernst} c5 2. Nf3 Nc6 3. d4 cxd4 4. Nxd4 Nf6 5. Nc3 d6 6. Bg5 e6 7. Qd2
a6 8. O-O-O h6 9. Be3 Be7 10. f3 Nxd4 11. Bxd4 b5 12. Kb1 (12. Bd3 {Ernst} Qa5
13. Kb1 b4 14. Ne2 e5 15. Be3 Be6 $10 {Joecks,C-Kiselev,S/Budapest Spring op/
1990/}) 12... Rb8 (12... Bb7 13. g4 Qc7 14. Qf2 b4 15. Na4 e5 16. Be3 d5 17.
Nb6 dxe4 18. Nxa8 Bxa8 19. Bg2 O-O $44 {Dolmatov,S-Tukmakov,V Rostov 1993 1/4
67}) 13. Qf2 (13. Qe3 b4 (13... Bd7 14. e5 dxe5 15. Bxe5 Qb6 16. Qf4 Rb7 17.
Ne4 Nxe4 18. Qxe4 f5 19. Qe1 O-O $10 {Anand,V-Atalik,S Oviedo 25' (06) 1993 1/
4 49}) 14. Na4 Qc7 15. Ba7 Rb7 16. Bb6 Qc6 17. b3 O-O 18. Bd4 e5 19. Bb2 Bd7
20. h4 Qc7 21. g4 Bxa4 22. bxa4 $132 {Anand,V-Serper,G Groningen PCA (04) 1993
1-0 34}) (13. g4 b4 14. Bxf6 Bxf6 15. Ne2 Rb6 16. h4 Bxh4 17. Rxh4 Qxh4 18. Qd4
Rc6 19. Qxg7 Rf8 $17 {Cseshkovsky,V-Ruban,V St.Petersburg zt (1) 1993 1/4 46})
13... Qa5 (13... Qc7 14. g4 Bd7 15. h4 b4 16. Ne2 e5 17. Be3 Rc8 18. Ng3 Bxg4
$2 19. Bb6 Qxc2+ 20. Qxc2 Rxc2 21. fxg4 $18 {Ivanovic,B-Makarov,M Podgorica 
(09) 1993 1-0 39}) 14. Bd3 (14. h4 b4 15. Ne2 e5 16. Ba7 Rb7 17. Nc1 Be6 18.
Nb3 Qc7 19. Be3 a5 20. Ba6 a4 21. Nc1 Rb8 22. g4 Nd7 23. b3 Qc6 24. Bd3 Nc5 25.
Bxc5 {1/4 Hjartarson,J-Serper,G Luzern WchT (ISD-UZB) (2) 1993}) 14... b4 15.
Ne2 e5 16. Ba7 Rb7 17. g4 Be6 18. b3 d5 $1 19. exd5 (19. Ng3 $2 d4 $19) 19...
Nxd5 20. h4 (20. Be4 O-O $17) 20... O-O 21. g5 h5 $1 22. f4 Nc3+ 23. Nxc3 bxc3
24. Be3 Rb4 $1 25. f5 Ra4 $3 $19 26. Bd2 (26. Bb6 Qb4 $19) (26. fxe6 {Ernst}
Rxa2 $19) 26... Bb4 $1 (26... Rxa2 $2 {Ernst} 27. Bxc3 $1 $13) 27. bxa4 Ba3 $1
28. Bxc3 Rb8+ (28... Qxc3 $4 29. Qb6 $13) 29. Bb5 Qxc3 0-1

[Event "Bucharest ENE"]
[Site "Bucharest"]
[Date "1993.??.??"]
[Round "2"]
[White "Timoshenko, Georgy"]
[Black "Nevednichy, Vladislav"]
[Result "1-0"]
[WhiteElo "2505"]
[BlackElo "2535"]
[Annotator "Boensch,U"]
[PlyCount "69"]
[EventDate "1993.??.??"]
[EventType "tourn"]
[EventRounds "11"]
[EventCountry "ROU"]
[EventCategory "8"]
[SourceTitle "CBM 040"]
[Source "ChessBase"]
[SourceDate "1994.06.01"]
[SourceVersion "1"]
[SourceVersionDate "1994.06.01"]
[SourceQuality "1"]

1. e4 c5 2. Nf3 d6 3. d4 Nf6 4. Nc3 cxd4 5. Nxd4 Nc6 6. Bg5 e6 7. Qd2 a6 8.
O-O-O h6 9. Be3 Qc7 10. f3 Rb8 11. Kb1 Be7 (11... Ne5 $6 $146 12. f4 $1 Ned7
13. e5 $1 Ng4 14. exd6 Qxd6 15. Be2 Nxe3 16. Qxe3 Qe7 17. Rhe1 $16 {Khalifman,
A-Kotronias,V Belgrade (5) 1993 1-0 34 -CBM 39}) 12. g4 (12. Bd3 Nxd4 13. Bxd4
b5 14. Qf2 e5 15. Ba7 Rb7 16. Be3 Be6 17. g4 Qa5 18. h4 b4 19. Nd5 Nxd5 20.
exd5 Qxd5 21. b3 $44 {Oll,L-Shirov,A Wijk m (3) 1993 1-0 40}) 12... Ne5 13. h4
b5 14. Bd3 Nfd7 15. g5 Nb6 16. Qg2 (16. gxh6 $5 Nbc4 17. Bxc4 Nxc4 18. Qc1 gxh6
(18... g6 19. h5 Nxe3 20. Qxe3 (20. hxg6 Nxd1 21. g7 Nxc3+ 22. bxc3 Bf6 $19)
20... g5 $13) 19. Bxh6 b4 $132) 16... h5 17. f4 Ng4 18. Bc1 g6 19. Qg3 (19. f5
b4 20. Nce2 e5 $15) 19... b4 20. Nce2 e5 21. Nf3 Na4 $6 (21... O-O 22. f5 $13)
22. b3 Nc5 $6 (22... Nc3+ 23. Nxc3 bxc3 24. f5 O-O $13) 23. Bb2 $16 O-O 24.
fxe5 dxe5 25. Nxe5 $1 Bd6 26. Nxg4 $1 $18 Bxg4 27. e5 Be7 28. Bc4 Rbc8 29. Nf4
Bxd1 30. Rxd1 Kh7 (30... Qc6 31. Bd5 Qb6 32. e6 fxe6 (32... Nxe6 33. Nxe6 fxe6
34. Qe5 $18) 33. Nxg6 $18) 31. Nd5 Qb7 32. Qf3 $1 a5 33. Rf1 a4 34. Qxf7+ $3
Rxf7 35. Rxf7+ (35. Rxf7+ Kg8 36. Nxe7+ Kh8 37. e6#) 1-0

[Event "Maribor Pirc Memorial"]
[Site "Maribor"]
[Date "1993.??.??"]
[Round "?"]
[White "Mohr, Georg"]
[Black "Gostisa, Leon F"]
[Result "1-0"]
[WhiteElo "2435"]
[BlackElo "2460"]
[Annotator "Boensch,U"]
[PlyCount "65"]
[EventDate "1993.02.??"]
[EventType "tourn"]
[EventRounds "9"]
[EventCountry "SLO"]
[EventCategory "8"]
[SourceTitle "CBM 036"]
[Source "ChessBase"]
[SourceDate "1993.10.01"]
[SourceVersion "1"]
[SourceVersionDate "1993.10.01"]
[SourceQuality "1"]

1. e4 c5 2. Nf3 d6 3. d4 cxd4 4. Nxd4 Nf6 5. Nc3 Nc6 6. Bg5 e6 7. Qd2 a6 8.
O-O-O h6 9. Be3 Nxd4 (9... Be7 {Shirov,A-Lutz,C Munich (07) 1993 -CBM 36VC})
10. Bxd4 b5 11. Bd3 Be7 12. f4 Bb7 13. Kb1 (13. Rhe1 O-O 14. Kb1 (14. e5 dxe5
15. Bxe5 Nd7 16. Qe2 Qc8 17. Bxg7 Kxg7 18. Qg4+ Kh8 19. Qh5 Kg7 20. Qg4+ Kh8
21. Qh5 Kg7 {1/2 Luther,T-Panchenko,AN Sochi 1990}) 14... Bc6 15. e5 dxe5 16.
fxe5 Nd5 17. Ne4 Nb4 18. Nf6+ Kh8 19. Re3 Bxf6 20. exf6 Qxd4 21. fxg7+ Kxg7 22.
Rg3+ Kf6 23. Qxh6+ Ke7 24. Qg5+ Ke8 25. c3 Qd5 26. cxb4 Qxg5 27. Rxg5 $16 {
Dvoirys,S-Kiselev,S St.Petersburg zt (1) 1993}) 13... O-O 14. e5 dxe5 15. fxe5
Nd5 16. Ne4 Nb4 17. Nf6+ Kh8 18. Qf2 Qc7 19. a3 (19. Rhe1 Rfc8 20. c3 Nxd3 21.
Rxd3 gxf6 22. exf6 Bf8 23. Rh3 Qc6 24. Qf4 Kh7 25. Rg3 Qd5 26. Re5 $18 {
Garcia Martinez,S-Nogueiras,J Santa Clara (13) 1991}) 19... Nd5 (19... Nxd3 20.
Rxd3 {/\ Rh3 ->}) 20. Nh7 Rfc8 21. Qxf7 Bc5 22. Qxe6 (22. Qg6 $2 Nf4 $19) (22.
Qxc7 $2 Rxc7 23. Bxc5 Rxc5 $17 {Nh7}) 22... Re8 (22... Bxd4 23. Ng5 hxg5 24.
Rdf1 Nf4 25. h4 $3 Nxe6 26. hxg5+ Kg8 27. Bh7+ Kh8 28. Bf5+ Kg8 29. Bxe6+ Qf7
30. Rxf7 Re8 31. Bb3 $18) 23. Qf5 Ne7 (23... Bxd4 24. Ng5 g6 25. Nf7+ Kg7 26.
Qxg6+ Kf8 27. Rhf1 $18) 24. Qg4 Bxd4 25. Ng5 $1 Bd5 (25... Bxe5 26. Nf7+ Kg8
27. Nxh6+ Kh8 28. Nf7+ Kg8 29. Ng5 $18) 26. Qxd4 hxg5 27. Qg4 $1 {/\h4} Qc6 28.
h4 Kg8 29. hxg5 Bf7 30. Rdf1 Ng6 (30... Bg6 31. Qh4 $18) 31. Be4 Qc4 (31... Qe6
32. Qxe6 Bxe6 33. Bxg6 $18) (31... Qc7 32. e6 Bxe6 33. Qh5 $18) 32. b3 Qd4 33.
Bxg6 (33. Bxg6 Qxg4 34. Bxf7+ Kf8 35. Be6+ $18) 1-0

[Event "Balatonbereny GM"]
[Site "Balatonbereny"]
[Date "1996.??.??"]
[Round "3"]
[White "Varga, Zoltan"]
[Black "Bacrot, Etienne"]
[Result "1-0"]
[WhiteElo "2540"]
[BlackElo "2425"]
[Annotator "Boensch,U"]
[PlyCount "57"]
[EventDate "1996.06.13"]
[EventType "tourn"]
[EventRounds "11"]
[EventCountry "HUN"]
[EventCategory "11"]
[SourceTitle "CBM 055"]
[Source "ChessBase"]
[SourceDate "1996.12.01"]
[SourceVersion "1"]
[SourceVersionDate "1996.12.01"]
[SourceQuality "1"]

1. e4 c5 2. Nf3 d6 3. d4 cxd4 4. Nxd4 Nf6 5. Nc3 Nc6 6. Bg5 e6 7. Qd2 a6 8.
O-O-O h6 9. Be3 Qc7 10. f3 Rb8 11. Kb1 b5 (11... Bd7 12. h4 Ne5 13. Qe1 b5 14.
Bc1 b4 15. Nce2 d5 16. exd5 Nxd5 17. Nf4 Nf6 18. g4 Bd6 19. Rh3 Nc4 20. Bxc4
Bxf4 21. g5 hxg5 22. Bxe6 fxe6 23. hxg5 Rxh3 24. Nxe6 Qe5 25. Nxf4 Qxe1 26.
Rxe1+ Kf7 27. Nxh3 Bxh3 28. gxf6 {1/2-1/2 Borge,N-Tukmakov,V/Copenhagen PC (03)
;CBM 54 1996}) (11... Ne5 12. f4 Ned7 13. e5 Ng4 14. exd6 Qxd6 15. Be2 Nxe3 16.
Qxe3 Qe7 17. Rhe1 h5 18. Bf3 Rh6 19. Nf5 exf5 20. Qf2 Re6 21. Rxe6 Qxe6 (21...
fxe6 22. Bxh5+ Kd8 23. Qb6#) 22. Re1 $18 {1-0 Khalifman,A-Kotronias,V/Belgrade
(5) 1993 (34)}) (11... Be7 12. g4 Ne5 (12... b5 13. Nxc6 Qxc6 14. h4 b4 15. Ne2
d5 16. Nd4 Qc7 17. e5 Nd7 18. f4 Nc5 19. Bd3 $16 {1-0 Leko,P-Ashley,M/New York
PCA-qual (03) ;EXP 47 1995 (32)}) 13. h4 b5 14. Bd3 Nfd7 15. g5 Nb6 16. f4 Nec4
17. Bxc4 Nxc4 18. Qd3 h5 19. Bc1 b4 20. Nce2 Nb6 21. g6 $16 {1-0 Arakhamia,
K-Ioseliani,N/Tilburg ctW (10) ;EXP 43 1994 (41)}) 12. Nxc6 Qxc6 13. g4 (13. e5
b4 14. Ne4 Nd5 (14... Nxe4 $2 15. fxe4 Qxe4 16. exd6 $18) 15. Bd4 dxe5 16. Bxe5
Rb7 $14) 13... b4 14. Ne2 e5 15. h4 Be6 16. Rg1 Nd7 17. Ng3 (17. g5 hxg5 18.
hxg5 g6 $132) 17... g6 18. h5 Nb6 (18... g5 19. Nf5 $16) 19. b3 Na4 (19... d5
$2 20. Bxb6 Qxb6 21. exd5 Rd8 (21... Qxg1 22. dxe6 (22. Bb5+ Rxb5 23. Rxg1 Rxd5
$16) 22... Qd4 23. exf7+ $18) 22. Bc4 $18) 20. Ne2 (20. bxa4 $4 Qxa4 21. Qd3
Qxa2+ 22. Kc1 b3 $19) 20... Nc3+ (20... g5 21. bxa4 Qxa4 22. Nc1 $18) 21. Nxc3
bxc3 22. Qd3 Rb5 (22... a5 $142 23. hxg6 fxg6 24. f4 a4 $40 {[%csl Yb3]}) 23.
hxg6 fxg6 24. f4 Be7 (24... exf4 25. Bxf4 Rb4 26. Bg2 $18) 25. f5 Bf7 26. f6 $1
$18 {Der schwarze K-fluegel bleibt ausser Spiel.} Bf8 (26... Bxf6 27. Qxd6 $18)
27. Rg3 d5 28. exd5 Rxd5 (28... Qxf6 29. g5 Qd6 (29... hxg5 30. Qxb5+ axb5 31.
Bxb5+ Ke7 32. Bxg5 $18) 30. Qxc3 Rxd5 31. Rxd5 Qxd5 32. Bg2 $18) 29. Bg2 $1 1-0

[Event "New York CITS"]
[Site "New York"]
[Date "1996.??.??"]
[Round "6"]
[White "Adams, Michael"]
[Black "Serper, Grigory"]
[Result "1-0"]
[WhiteElo "2660"]
[BlackElo "2540"]
[Annotator "Boensch,U"]
[PlyCount "61"]
[EventDate "1996.03.??"]
[EventType "tourn"]
[EventRounds "11"]
[EventCountry "USA"]
[EventCategory "13"]
[SourceTitle "CBM 052"]
[Source "ChessBase"]
[SourceDate "1996.06.01"]
[SourceVersion "1"]
[SourceVersionDate "1996.06.01"]
[SourceQuality "1"]

1. e4 {Ftacnik} c5 2. Nf3 d6 3. d4 cxd4 4. Nxd4 Nf6 5. Nc3 Nc6 6. Bg5 e6 7. Qd2
a6 8. O-O-O h6 9. Be3 Be7 10. f4 Nxd4 (10... Bd7 11. h3 (11. Be2 b5 12. Bf3 Rc8
13. Kb1 b4 14. Nce2 Qc7 15. g4 e5 16. Nf5 Bxf5 17. exf5 e4 18. Bg2 Na5 19. Bd4
Nc4 20. Qc1 Nxg4 21. Bxe4 Bf6 22. Rhg1 $16 {1-0 Wolff,P-Kortschnoj,V/New York
CITS (01) ;CBM 52_06 1996 (45)}) (11. Kb1 b5 12. Bd3 Qc7 13. Nf3 Ng4 14. Bg1
O-O 15. h3 Nf6 16. Bh2 b4 17. Ne2 Qb7 18. g4 d5 19. Ng3 Na5 20. Rhe1 dxe4 21.
Nxe4 Nxe4 22. Bxe4 Bc6 $10 {1/2-1/2 Adams,M-Dzindzichashvili,R/New York CITS 
(04) ;CBM 52_06 1996 (31)}) 11... b5 12. Bd3 Nxd4 (12... O-O 13. Kb1 Nxd4 14.
Bxd4 b4 15. Ne2 Qa5 16. Qe3 Rab8 17. b3 e5 18. Bb2 Bc6 19. Ng3 Bd7 20. Rhf1
exf4 21. Qxf4 Be6 22. Nf5 $16 {1-0 Thorhallsson,T-Ulfarsson,M/Reykjavik op (05)
;CBM 52_06 1996 (35)}) 13. Bxd4 b4 14. Ne2 e5 15. Be3 Qa5 16. Kb1 O-O $10 {
Nunn,J-Greenfeld,A Pardubice (1) 1993 0-1 37}) 11. Bxd4 b5 12. Qe3 Bb7 (12...
Qc7 13. e5 dxe5 14. fxe5 Nd7 15. Ne4 Bb7 16. Nd6+ Qxd6 $5 17. exd6 Bg5 18. Qxg5
hxg5 19. Bxg7 Rh4 $14 {1/2-1/2 Wahls, M-Lagunov, A/GER-ch Binz (02) ;EXP 50
1995 (31)}) 13. Bxf6 (13. Bd3 O-O 14. Kb1 Qc7 15. Rhf1 (15. Rhe1 Rac8 16. h3 e5
17. fxe5 dxe5 18. Bb6 Qb8 19. Nd5 Nxd5 20. exd5 Bxd5 21. Qxe5 $10 {Mack,A-Sher,
M Hastings Challenger 1990 1/2 22}) 15... Bc6 16. h3 Rac8 17. e5 dxe5 18. Bxe5
Qb7 19. f5 $40 {Aseev,K-Stajcic,N Kecskemet (02) 1992 1-0 27}) 13... gxf6 (
13... Bxf6 {Ftacnik} 14. e5 Be7 15. exd6 Bxd6 16. Ne4 Bxe4 17. Qxe4 O-O 18. Bd3
g6 19. h4 Qf6 20. Rdf1 h5 21. g4 hxg4 22. h5 Ra7 (22... Qf5 23. Qg2 Bxf4+ 24.
Kb1 Qe5 25. hxg6 f5 26. Rxf4 Qg7 27. Rxf5 {1-0 Kovalev,A-Sjoberg,M/Oostende op
(08)/1991/}) 23. Kb1 Bc5 24. hxg6 fxg6 25. Qc6 Qe7 26. Rh6 Qd6 27. Rxg6+ Rg7
28. Qe4 Bd4 29. Rxg7+ Bxg7 30. Qh7+ Kf7 31. Qg6+ {1-0 Kovalev,A-Lagunov,A/
Berliner Sommer/1993/}) 14. Bd3 (14. f5 Qa5 15. a3 b4 (15... Rc8 {Ftacnik} 16.
Rd3 Rc5 (16... Qc7 17. Kb1 Qc5 18. fxe6 fxe6 19. Qh3 Qe5 20. Be2 h5 21. Rhd1
Kf7 22. Re3 Rcg8 23. Rf1 Qg5 24. Rg3 Qe5 25. Re3 Qg5 26. Rg3 Qe5 {1/2-1/2
Balashov,Y-Lerner,K/URS-ch51 Lvov/1984/}) 17. Be2 Re5 18. Rf1 Qc7 19. Qg3 Bxe4
20. Nxe4 Rxe4 21. Rc3 Qd7 22. Bf3 Rc4 23. fxe6 fxe6 24. Re3 $44 {Tal,
M-Tukmakov,V/USSR-ch/1983/}) 16. axb4 Qxb4 17. Rd4 Qc5 18. Na4 Qa5 19. Qc3 Qxc3
20. Nxc3 Kd7 $10 {Boenisch, M-Lagunov, A/GER-ch Binz (06) ;EXP 50 1995/0-1 (59)
}) 14... Qa5 15. Kb1 b4 16. Ne2 Qc5 (16... O-O-O 17. f5 Qc5 18. Qxc5+ dxc5 19.
fxe6 fxe6 20. Nf4 Rd6 21. Bc4 Bxe4 22. Bxe6+ Kb8 23. Bd5 Rhd8 {0-1 Wiersma,
E-Vydeslaver,A/Groningen op ;EXP 50 1995}) (16... d5 {Ftacnik} 17. g4 $16) 17.
Nd4 h5 (17... e5 {Ftacnik} 18. Nf5 Qxe3 19. Nxe3 exf4 20. Nf5 Rg8 21. Rd2 $16)
(17... Rg8 {Ftacnik} 18. Qe2) 18. Qe2 a5 (18... h4 {Ftacnik} 19. Bc4 Rg8 20. f5
Bxe4 21. Qxe4 d5 22. fxe6 $1 Qxc4 23. Qh7 $18) 19. Bb5+ Kf8 20. Bc4 Qb6 (20...
a4 $2 21. Bxe6) 21. g4 $1 $146 (21. f5 e5 22. Nf3 a4 23. Rd2 Rc8 24. Bd5 Ba6
25. Qf2 Qxf2 26. Rxf2 Bd8 $10 {1/2-1/2 Adams,M-Greenfeld,A/EUCup f Ljubljana 
(01) ;CBM 51 1995 (50)}) 21... hxg4 (21... Rc8 22. Rhg1 h4 23. f5 $16) 22. Qxg4
f5 (22... Bxe4 $2 23. Nxe6+ $1 (23. Rhg1 Ke8 24. f5 exf5 25. Bxf7+ Kd8 26. Nxf5
$16) 23... fxe6 (23... Ke8 24. Bb5+ Bc6 25. Qg7 $18) 24. Qxe6 Bg6 (24... Bxc2+
25. Kxc2 Ke8 26. Rhe1 $18) 25. Rhg1 $18) 23. Nxe6+ $3 (23. Nxf5 $6 {Ftacnik}
exf5 24. Qxf5 d5 25. Bxd5 Bxd5 26. exd5 Rd8 $13) 23... fxe6 (23... Ke8 24. Qg1
Bd8 (24... Qxg1 25. Bb5+ Bc6 26. Bxc6#) 25. Qg7 $18) 24. Qg6 Qc7 (24... d5 25.
Rhg1 dxc4 26. Qg7+ Ke8 27. Qxh8+ Bf8 28. Qh5+ Ke7 29. Qh7+ Ke8 30. Qd7#) (24...
b3 {Ftacnik} 25. Bxe6 bxc2+ 26. Ka1 cxd1=Q+ 27. Rxd1 $18) 25. Qxe6 $1 (25. Bxe6
Bh4 26. Qxf5+ Ke8 $16 (26... Ke8 {Ftacnik} 27. Rhg1 $18)) 25... Ke8 (25... Bh4
{Ftacnik} 26. Qxf5+ Ke8 27. Bb5+ Kd8 (27... Bc6 28. Qe6+ Be7 29. Rxd6 Bxb5 30.
Qg6+ Kf8 31. Qf5+ Ke8 32. Qxb5+ $18) 28. Qe5 Rf8 29. Rxd6+ Kc8 30. Rg1 $18) 26.
Rhg1 Bxe4 (26... fxe4 {Ftacnik} 27. Rg7 (27. Bb5+ Bc6 28. Rxd6 Qxd6 29. Bxc6+
Kd8 30. Qxd6+ Bxd6 31. Bxa8) 27... Bc6 (27... Ra7 28. Bb5+ Bc6 29. Rxe7+ Qxe7
30. Bxc6+ $18) 28. Qf7+ Kd8 29. Rg8+ Rxg8 30. Qxg8+ Be8 31. Bb5 $18) 27. Rg7
Kd8 (27... Rb8 28. Rdg1 Rf8 29. Rg8 Kd8 30. R1g7 $18) 28. Rxe7 $1 Qxe7 29.
Rxd6+ Qxd6 (29... Ke8 30. Qg6+ Kf8 31. Rf6+ Qxf6 32. Qxf6+ Ke8 33. Bb5+ Bc6 34.
Bxc6#) 30. Qxd6+ Ke8 (30... Kc8 31. Ba6+ $18 (31. Ba6+ {Ftacnik} Rxa6 32. Qxa6+
$18)) 31. Qe5+ (31. Qe5+ Kd7 32. Bb5+ Bc6 33. Qd5+ $18) 1-0

[Event "RUS-ch"]
[Site "Elista"]
[Date "1995.??.??"]
[Round "8"]
[White "Dvoirys, Semen I"]
[Black "Sher, Miron Naumovich"]
[Result "0-1"]
[WhiteElo "2580"]
[BlackElo "2510"]
[Annotator "Boensch,U"]
[PlyCount "72"]
[EventDate "1995.10.??"]
[EventType "swiss"]
[EventRounds "11"]
[EventCountry "RUS"]
[SourceTitle "CBM 050"]
[Source "ChessBase"]
[SourceDate "1996.02.01"]
[SourceVersion "1"]
[SourceVersionDate "1996.02.01"]
[SourceQuality "1"]

1. e4 c5 2. Nf3 d6 3. d4 cxd4 4. Nxd4 Nf6 5. Nc3 Nc6 6. Bg5 e6 7. Qd2 a6 8.
O-O-O h6 9. Be3 (9. Bf4 Bd7 10. Nxc6 Bxc6 11. f3 d5 12. Qe1 Bb4 13. a3 Ba5 14.
Bd2 Rc8 15. Qg3 Bc7 16. e5 Nd7 17. Re1 Kf8 18. f4 Nc5 19. Be3 Bb6 20. Rd1 Qc7
21. Kb1 Ne4 22. Nxe4 dxe4 23. c4 $14 {Svidler,P-Makarov,M Novosibirsk (01)
1995 1/2 65 - CBM 50}) 9... Qc7 10. f4 (10. h3 b5 11. Bxb5 $5 axb5 12. Ndxb5
Qb8 13. Nxd6+ Bxd6 14. Qxd6 Qxd6 15. Rxd6 $14 {Short,N-Tukmakov,V Elenite (02)
1995 1/2 32 - CBM 50}) 10... Bd7 11. Qe1 (11. Kb1 Rc8 12. Bd3 Na5 13. Nf3 b5
14. Bd4 b4 15. Ne2 Nc4 16. Bxc4 Qxc4 17. Bxf6 gxf6 18. e5 Rg8 19. Ng3 fxe5 20.
Nxe5 Qc7 21. Ne4 Be7 22. Nxd6+ Bxd6 23. Qxd6 Qxd6 24. Rxd6 Rxg2 25. Rxd7 Rcxc2
26. Rhd1 Rxb2+ 27. Ka1 Rxa2+ 28. Kb1 {1/2-1/2 Torhallsson,T-Degerman,L/
Reykjavik zt (07) ;CBM 47 1995}) (11. Bd3 Na5 $5 (11... b5 12. Bxb5 $5 (12. Kb1
Na5 13. Rhf1 Nc4 14. Bxc4 Qxc4 15. Qd3 $10 {Hjartarson,J-Lanka,Z BRD 1994 1-0
51}) 12... axb5 13. Ndxb5 Qb8 14. Nxd6+ Bxd6 15. Qxd6 Qxd6 16. Rxd6 $14 {
Yudasin,L-Greenfeld,A Haifa 1993 1-0 42}) 12. Nf3 b5 13. e5 b4 $8 14. Ne2 (14.
Ne4 Nxe4 15. Bxe4 d5 16. Bd3 b3 17. a3 $13) 14... Nd5 15. Kb1 Nc4 16. Bxc4 Qxc4
17. Bd4 a5 $10 {Beliavsky,A-Nevednichy,V JUG-chT Igalo 1994 0-1 38 - CBM 43}) (
11. h3 b5 12. Bd3 Na5 13. Qe2 Rc8 14. Nf3 b4 15. Nb1 Nc4 16. Bf2 a5 17. Nbd2
Nxd2 18. Rxd2 Be7 19. g4 a4 $132 {Jonsson,M-Degerman,L SVE-ch Borlange (09)
1995 0-1 30 - EXP 49}) 11... b5 12. Bd3 Be7 13. Qg3 h5 (13... O-O 14. f5 (14.
Nxc6 Bxc6 15. f5 $2 b4 16. Ne2 (16. Bxh6 $2 Nh5 17. Qg4 bxc3 18. Qxh5 gxh6 $17)
16... Nxe4 $17) 14... Nxd4 15. Bxd4 b4 16. Ne2 $14) 14. h3 (14. Qxg7 Rg8 15.
Qh6 Rg6 16. Qh8+ Rg8 $10) 14... Rc8 15. Kb1 Nb4 16. Rc1 (16. e5 dxe5 17. fxe5
Nxd3 18. Rxd3 h4 19. Qxg7 Rg8 20. Qh6 Qxe5 $13) 16... Nxd3 17. cxd3 Qb8 18.
Rhf1 (18. f5 e5 19. Nf3 b4 20. Ne2 Qb5 $10) 18... b4 19. Nce2 Rxc1+ 20. Nxc1 g6
(20... O-O 21. f5 Rc8 22. fxe6 Bxe6 23. Nxe6 fxe6 24. Bh6 Ne8 25. Qg6 $16) 21.
f5 $6 gxf5 $1 {Schwarz erhält ein starkes Zentrum und die offene g-Linie.} 22.
exf5 e5 23. Nc2 h4 24. Qe1 Nd5 25. Bd2 a5 26. d4 f6 27. dxe5 dxe5 28. Qe4 Qb5
$1 (28... Nc3+ $6 29. Bxc3 (29. bxc3 bxc3+ 30. Nb3 cxd2 $19) 29... bxc3 30. b3
Qd6 $10) 29. Re1 Rg8 $15 30. Ne3 (30. Qxh4 Rxg2 31. Qh8+ Bf8 $17) 30... Nxe3
31. Bxe3 Qc6 $1 $19 {[%csl Gg2]} 32. Qxh4 (32. Qxc6 Bxc6 33. Bb6 Rxg2 34. Bxa5
Bd7 $19) 32... Bxf5+ 33. Ka1 Rxg2 34. Ne2 (34. Qh5+ Bg6 35. Qh8+ Kf7 $19) 34...
Qe4 35. Qh6 (35. Qxe4 Bxe4 36. Ng1 f5 $19) 35... Bg6 36. Nf4 (36. Qg7 Rxe2 $19)
(36. Ng1 Qc2 $19) (36. Nc1 Qb1#) 36... exf4 0-1

[Event "Gausdal Int"]
[Site "Gausdal"]
[Date "1991.??.??"]
[Round "5"]
[White "Dvoirys, Semen I"]
[Black "Serper, Grigory"]
[Result "0-1"]
[WhiteElo "2525"]
[BlackElo "2490"]
[Annotator "Boensch,U"]
[PlyCount "80"]
[EventDate "1991.08.??"]
[EventType "swiss"]
[EventRounds "9"]
[EventCountry "NOR"]
[SourceTitle "CBM 025"]
[Source "ChessBase"]
[SourceDate "1991.12.01"]
[SourceVersion "1"]
[SourceVersionDate "1991.12.01"]
[SourceQuality "1"]

1. e4 {Boensch} c5 2. Nf3 d6 3. d4 cxd4 4. Nxd4 Nf6 5. Nc3 Nc6 6. Bg5 e6 7. Qd2
a6 8. O-O-O h6 9. Be3 Nxd4 10. Bxd4 b5 11. f4 (11. Qe3 $5) 11... Be7 (11... Bb7
12. Qe3 Qc7 13. Bb6 Qc8 $2 (13... Qb8 14. e5 Nd7 15. Bd4 $14 {Nunn}) 14. e5 $16
{Nunn-Fedorovic Wijk aan Zee 1991 -Inf.51/197}) 12. Bd3 b4 (12... Bb7 13. Kb1
O-O 14. e5 {N - Garcia Martinez-Nogueiras Santa Clara 1991 -Inf.51/201}) 13.
Ne2 e5 14. Be3 Rb8 15. Kb1 O-O 16. Rhf1 (16. h3 $5) 16... Qa5 17. fxe5 dxe5 18.
Ng3 (18. h3 $142) 18... Be6 19. b3 Ng4 20. Bg1 Bc5 $15 21. h3 Bxg1 22. Rxg1 Nf6
23. Rgf1 Nd7 24. Nf5 Kh7 25. Rf3 Nc5 26. Rg3 Bxf5 27. exf5 e4 $17 28. Bc4 Rbd8
29. Qe2 Rxd1+ 30. Qxd1 Qc7 31. Re3 Rd8 32. Qe1 a5 33. Re2 Rd7 34. Rd2 Rxd2 35.
Qxd2 Na4 $1 36. bxa4 (36. Qd4 Nc3+ 37. Kb2 Qe7 $19) 36... Qxc4 37. Kb2 Qc5 38.
Qd7 e3 39. Kc1 (39. Qxf7 Qe5+ 40. Kb1 e2 $19) 39... e2 40. Kd2 Qf2 0-1

[Event "URS-sf Russia-ch"]
[Site "Gorky"]
[Date "1989.??.??"]
[Round "?"]
[White "Dvoirys, Semen I"]
[Black "Khasin, Alexander"]
[Result "1-0"]
[WhiteElo "2520"]
[BlackElo "2445"]
[Annotator "Boensch,U"]
[PlyCount "69"]
[EventDate "1989.11.??"]
[EventType "tourn"]
[EventRounds "13"]
[EventCountry "URS"]
[EventCategory "7"]
[SourceTitle "CBM 016"]
[Source "ChessBase"]
[SourceDate "1990.06.01"]
[SourceVersion "1"]
[SourceVersionDate "1990.06.01"]
[SourceQuality "1"]

1. e4 {Bönsch} c5 2. Nf3 Nc6 3. d4 cxd4 4. Nxd4 Nf6 5. Nc3 d6 6. Bg5 e6 7. Qd2
a6 8. O-O-O h6 9. Be3 Be7 10. f4 Bd7 11. h3 Rc8 (11... b5 12. Bd3 Nxd4 13. Bxd4
Bc6 14. Qe3 O-O (14... b4 15. Ne2 Qc7 16. e5 dxe5 17. Bxe5 Qb7 18. f5 $16 {
Timochenko-Shirov Moskau 1989}) 15. e5 dxe5 16. Bxe5 Qa5 17. Kb1 b4 $13 {
Oll-Lerner URS-ch 1989}) 12. Kb1 b5 13. Bd3 Qa5 14. Nb3 Qc7 15. g4 $40 Nb4 16.
g5 hxg5 17. fxg5 Nh5 18. g6 f6 (18... fxg6 19. e5 $18) 19. Nd4 Nxd3 20. cxd3
Qb7 21. Qf2 b4 22. Nce2 e5 $6 (22... d5 $5) 23. Nf5 b3 24. Nc3 bxa2+ 25. Ka1
Bxf5 26. exf5 d5 27. Qg2 Rb8 28. Nxd5 $1 Ng3 (28... Rd8 29. Nxf6+ $18) 29. Rc1
$3 Bd8 (29... Nxh1 30. Rc7 Qb3 31. Rxe7+ Kd8 (31... Kf8 32. Rf7+ Ke8 (32... Kg8
33. Ne7#) 33. Nc7+ Kd8 34. Ne6+ Ke8 35. Qc6#) 32. Bb6+ Rxb6 33. Nxb6 Kxe7 (
33... Qxb6 34. Rxg7 $18) 34. Qb7+ Kd6 (34... Ke8 35. Qd7+ Kf8 36. Qd8#) 35.
Nc4+ $18) 30. Rh2 Nxf5 31. Bc5 Rh4 32. Rc4 Qb5 33. Qf3 Rxc4 34. dxc4 Qxc4 35.
Nxf6+ $1 (35. Nxf6+ $1 Bxf6 36. Qc6+ Kd8 37. Bb6+ $18) 1-0